000
00327nam a22001337a 4500
008
181121b xxu||||| |||| 00| 0 eng d
020
_a
9781429231237
041
_a
eng
080
_2
5 TH
_a
541
100
_a
12
101
_a
KIM
245
_a
Solutions Mnaual Quantitative Chemical Analysis
_c
Harris.D.C
942
_2
udc
_c
BK
999
_c
52257
_d
52257